Journal of tropical forest science

Bibliographic Details
Corporate Author: Institut Penyelidikan Perhutanan Malaysia (FRIM)
Format: Book
Published: Kuala Lumpur : Institut Penyelidikan Perhutanan Malaysia , 2013 -
Subjects:

MARC

LEADER 00000cam a2200000 7i4500
001 0000004027
005 20150108.0
022 0 0 |a 0128-1283 
090 0 0 |a S 634.9091305   |b JTFS 
245 0 0 |a Journal of tropical forest science 
260 0 0 |a Kuala Lumpur :   |b Institut Penyelidikan Perhutanan Malaysia ,   |c 2013 - 
300 |a v150 p. :   |b ill. ;   |c 25 cm. 
500 0 0 |a Quarterly 
650 0 0 |a Forests and forestry   |x Tropics   |x Periodicals 
710 1 1 |a Institut Penyelidikan Perhutanan Malaysia (FRIM) 
850 |a January 2013, v. 25, n. 1 - 
998 |a JPSM 
999 |a 007790   |b Monograph   |c Open Shelf   |e Default branch 
999 |a 007791   |b Monograph   |c Open Shelf   |e Default branch